000 00284nam a2200109Ia 4500
008 240624s9999 xx 000 0 und d
041 _aeng
100 _aMORRIS MICHAEL H
245 _aCORPORATE ENTREPRENEURSHIP AND INNOVATIO
260 _aInnovation
_bCengage Learning
365 _c
_b30
999 _c30925
_d30925